000 01761nam a2200421Ii 4500
001 DIGEDLEV0116
003 NyNyDIG
006 m o d
007 cr |||||||||||
008 240711s2021 ag ob 000 spa d
035 _a(OCoLC)1449536144
040 _aDGITA
_beng
_erda
_epn
_cDGITA
020 _z9789878381411
050 1 4 _aPN2039 ebook
100 1 _aDurán, Ana,
_eauthor.
245 1 0 _aCómo formar jóvenes espectadores en la era digital /
_cAna Durán y Sonia Jaroslavsky ; prólogo de Rubén Szuchmacher ; equipo de investigación, Pedro Antony y Belén Parrilla.
264 1 _aCiudad de Buenos Aires, Argentina :
_bEditorial Leviatán,
_c[2021]
300 _a1 online resource.
336 _atext
_btxt
_2rdacontent
337 _acomputer
_bc
_2rdamedia
338 _aonline resource
_bcr
_2rdacarrier
347 _atext file
_2rdaft
347 _bPDF
504 _aIncludes bibliographical references.
588 0 _aOnline resource; title from PDF title page (Digitalia, viewed July 11, 2024)
650 0 _aTheater
_xStudy and teaching.
650 0 _aPerforming arts
_xStudy and teaching.
700 1 _aJaroslavsky, Sonia,
_eauthor.
700 1 _aSzuchmacher, Rubén,
_econtributor agent of text.
700 1 _aAntony, Pedro,
_eresearcher.
700 1 _aParrilla, Belén,
_eresearcher.
791 2 _aDigitalia (Firm),
_edistributor.
793 0 _gDigitalia eBook Collection:
_aEditorial Leviatán
776 0 8 _iPrint version:
_aDurán, Ana.
_tCómo formar jóvenes espectadores en la era digital.
_dCiudad de Buenos Aires, Argentina : Editorial Leviatán, [2021]
_z9789878381411
856 4 0 _3Digitalia Hispánica
_uhttps://www.digitaliapublishing.com/a/133913/
910 _aPremium collection: 2024
942 _cRAA
999 _c282902
_d282902